000 00693cam a2200253ua 4500
001 11684
005 20260515114802.0
008 191019n ii |||gr||||Z||||||eng
020 _a9780140107814
040 _cMAIN
082 _a954.035
100 _aBipin Chanda,
_eAuthor.
245 _aIndia`s Struggle for independence
_cBy Bipin Chandra et.al
250 _a1st ed.
260 _aHaryana:
_bPenguin books,
_c2016.
300 _a600p.
653 _aSouth Asia India
653 _aIndia`s Independence
700 _aMridula Mukherjee,
_eAuthor.
700 _aAditya Mukherjee,
_eAuthor.
700 _aSucheta Mahajan,
_eAuthor.
700 _aK.N.Panikkar,
_eAuthor.
942 _cBK
999 _c10477
_d10477